000 00503nam a22001937a 4500
005 20260327075342.0
008 220625b ||||| |||| 00| 0 eng d
020 _a0706995864
040 _aIN-DiNC
_cIN-DiNC
041 _deng
082 _a337
_bMAN
100 _aMannur, H G
_eauthor
245 _aInternational Economics/
_cby HG Mannur
250 _a2nd Rep.
260 _aNew Delhi:
_bVikas publishing house,
_c1999.
300 _a461p.
650 _aInternational economics
942 _2ddc
_cBK
999 _c11350
_d11350